LEADER 01281nam0 22003011i 450 001 UON00038480 005 20231205102135.162 100 $a20020107d1952 |0itac50 ba 101 $ager 102 $aDE 105 $a|||| 1|||| 200 1 $aDaniel$fvon Aage Bentzen 205 $a2. verbesserte Auflage 210 $aTübingen$cJ.C.B. Mohr$ePaul Siebeck$d1952 215 $a87 p.$d23 cm. 410 1$1001UON00038468$12001 $aHandbuch zum Alten Testament. Erste Reihe$v19 606 $aBIBBIA$xVecchio Testamento$xDaniele$3UONC021787$2FI 620 $aDE$dTübingen$3UONL000208 676 $a224.5$cBIBBIA - Vecchio Testamento - Daniele$v21 686 $aSEB VI AB$cSTUDI EBRAICI - LETTERATURA - TESTI BIBLICI - CRITICA LETTERARIA$2A 700 1$aBENTZEN$bAage$3UONV024524$0647344 712 $aMohr$3UONV248881$4650 801 $aIT$bSOL$c20240220$gRICA 912 $aUON00038480 950 $aSIBA - SISTEMA BIBLIOTECARIO DI ATENEO$dSI FONDO OITANA 0137 $eSI 3128 7 0137 950 $aSIBA - SISTEMA BIBLIOTECARIO DI ATENEO$dSI SEB VI AB 013 (19) $eSI SA 47568 5 013 (19) 996 $aDaniel$91153700 997 $aUNIOR LEADER 03010nam 22006255 450 001 9910309860303321 005 20200630075852.0 010 $a3-030-04079-8 024 7 $a10.1007/978-3-030-04079-6 035 $a(CKB)4100000007522622 035 $a(MiAaPQ)EBC5646072 035 $a(DE-He213)978-3-030-04079-6 035 $a(PPN)233802061 035 $a(EXLCZ)994100000007522622 100 $a20190121d2018 u| 0 101 0 $aeng 135 $aurcnu|||||||| 181 $ctxt$2rdacontent 182 $cc$2rdamedia 183 $acr$2rdacarrier 200 14$aThe Sun Today /$fby Claudio Vita-Finzi 205 $a1st ed. 2018. 210 1$aCham :$cSpringer International Publishing :$cImprint: Springer,$d2018. 215 $a1 online resource (118 pages) 311 $a3-030-04078-X 327 $aPreface -- 1..A commonplace star -- 2..An inconstant star -- 3..Solar composition -- 4.The solar body -- 5. The solar furnace -- 6. Solar magnetism -- 7. Sun and weather -- Index. . 330 $aFrom the reviews of other books by Claudio Vita-Finzi: The Sun ? A User?s Manual (2008) ?.this, jargon-free, concise, beautifully illustrated and eminently readable book? D.W. Hughes, Times Literary Supplement Solar History (2013) ....a book that is supremely informative, intensely stimulating and enjoyable to read... Ian Seymour, Astronomy Now A History of the Solar System (2016) ...there is a huge amount of useful information in this book that would benefit anyone who needed more detail than is available in a typical popular science title. Brian Clegg, Popular Science. 606 $aAstronomy$vObservations 606 $aAstronomy?Observations 606 $aAstrophysics 606 $aGeophysics 606 $aClimatic changes 606 $aAtmospheric science 606 $aAstronomy, Observations and Techniques$3https://scigraph.springernature.com/ontologies/product-market-codes/P22014 606 $aAstrophysics and Astroparticles$3https://scigraph.springernature.com/ontologies/product-market-codes/P22022 606 $aGeophysics/Geodesy$3https://scigraph.springernature.com/ontologies/product-market-codes/G18009 606 $aClimate Change$3https://scigraph.springernature.com/ontologies/product-market-codes/U12007 606 $aAtmospheric Sciences$3https://scigraph.springernature.com/ontologies/product-market-codes/G36000 615 0$aAstronomy 615 0$aAstronomy?Observations. 615 0$aAstrophysics. 615 0$aGeophysics. 615 0$aClimatic changes. 615 0$aAtmospheric science. 615 14$aAstronomy, Observations and Techniques. 615 24$aAstrophysics and Astroparticles. 615 24$aGeophysics/Geodesy. 615 24$aClimate Change. 615 24$aAtmospheric Sciences. 676 $a523.7 700 $aVita-Finzi$b Claudio$4aut$4http://id.loc.gov/vocabulary/relators/aut$0152489 906 $aBOOK 912 $a9910309860303321 996 $aSun Today$91867679 997 $aUNINA